| 000 | 01211nam a22003617a 4500 | ||
|---|---|---|---|
| 003 | CHAP | ||
| 005 | 20220817044158.0 | ||
| 008 | 070906d2004 mx r 00110 spa d | ||
| 010 | _a93970 | ||
| 011 | _a94942 | ||
| 020 | _a9706402543 | ||
| 035 | _a105544 | ||
| 040 | _cCHAP | ||
| 082 | 0 | 4 |
_a913.87 _bF8 |
| 100 | 0 | 0 |
_aFuente, Beatriz de la _ecoord. _943815 |
| 245 | 1 | 0 |
_aMuros que hablan : _bensayos sobre la pintura mural prehispánica en México _c/coord. por Beatriz de la Fuente |
| 260 |
_aMéxico, D.F. : _bEl Colegio Nacional, _c2004. |
||
| 300 |
_a501 p. : _bilus. ; mapas. |
||
| 590 |
_aBATCH-UPD _b10 _c20130110 _lUCH01 _h0617 |
||
| 590 |
_aBATCH-UPD _b10 _c20130410 _lUCH01 _h0300 |
||
| 590 |
_aBATCH-UPD _b10 _c20130914 _lUCH01 _h0359 |
||
| 590 |
_aCONVERSION _b10 _c20130109 _lUCH01 _h1352 |
||
| 650 | 1 | 4 |
_aAntiguedades _zMexico. _96058 |
| 650 | 1 | 4 |
_aArqueología _zMéxico. _97357 |
| 650 | 1 | 4 |
_aArte _xMéxico. _97696 |
| 650 | 1 | 4 | _aIndios de México. |
| 650 | 1 | 4 |
_aMéxico _xHistoria _xEpoca prehispánica. _976759 |
| 650 | 1 | 4 |
_aPintura mural _xMéxico. _988314 |
| 901 | _aBK | ||
| 905 | _aElisama A. H. | ||
| 942 | _cLIBRO | ||
| 949 |
_a913.87 F8 _bBC _cLIBRO _d33724002037066 _eLIBRO _h108773 _i105544 _sb |
||
| 999 |
_c93970 _d93970 |
||